000 00288nam a22001337a 4500
008 180813b xxu||||| |||| 00| 0 eng d
020 _a9781464102615
041 _aeng
080 _210th
_a159.9
100 _a48
101 _aPSI
245 _aPsychology
_cMyers,D.G
942 _2udc
_cBK
999 _c47033
_d47033